Obras: Escritos sobre el pensamiento, la política y la cultura Nicaragüense II. Escritos jurídicos.
| Main Author: | |
|---|---|
| Format: | Section = Libro |
| Language: | Undetermined Spanish |
| Published: |
Managua
Hispamer
2013
|
| Subjects: |
| LEADER | 00647nam a2200205Ia 4500 | ||
|---|---|---|---|
| 008 | 241007s9999||||xx |||||||||||||| ||und|| | ||
| 020 | |a 978-99924-79-85-8 | ||
| 040 | |a BIBLIOTECA-RURC/ 199.72 S487 | ||
| 041 | |a spa | ||
| 082 | |a 199.72 S487 | ||
| 100 | 1 | |a Serrano Caldera, Alejandro | |
| 245 | 1 | 0 | |a Obras: Escritos sobre el pensamiento, la política y la cultura Nicaragüense II. Escritos jurídicos. |
| 260 | |a Managua |b Hispamer |c 2013 | ||
| 300 | |a 608 p. :il. | ||
| 650 | 7 | |a ESCRITOS SOBRE EL PENSAMIENTO | |
| 650 | 7 | |b LA POLITICA Y LA CULTURA NICARAGUENSE | |
| 650 | 7 | |c ESCRITOS JURÍDICOS | |
| 942 | |c BK |2 ddc | ||
| 991 | |a TEXTO | ||
| 999 | |c 14257 | ||